[Event "WJCC U20 Girls 2019"]
[Site "New Delhi"]
[Date "2019.10.17"]
[Round "3.19"]
[White "Jain Nityata"]
[Black "Tsolakidou, Stavroula"]
[Result "0-1"]
[WhiteElo "2029"]
[BlackElo "2431"]
[Annotator "TA"]
[PlyCount "116"]
[EventDate "2019.10.15"]
[EventType "swiss"]
[EventCountry "IND"]
[SourceTitle "playchess.com"]
[Source "ChessBase"]
[SourceQuality "1"]

{[%evp 9,115,7,13,5,8,0,20,9,25,-1,-4,-12,-5,-15,-15,-14,-9,-88,-75,-80,-82,-70,-91,-132,-82,-100,-71,-108,0,0,0,0,0,0,0,-21,0,0,0,0,0,0,54,53,41,52,51,50,47,0,0,-49,0,0,39,26,41,17,48,-7,88,66,76,75,74,71,65,56,40,0,0,0,111,96,103,75,229,0,89,0,230,182,178,165,351,145,170,177,233,201,218,202,280,126,89,108,154,0,0,0,0,-256,0,-29978,-12842,-29991,-29992,-29993]} 1. e4 c5 2. Nf3 e6 3. b3 a6 4. Bb2 Nc6 5. c4 Qc7 (5... Nf6 6. e5 Ng4 7. h3 Nh6 8. g4 d6 9. Bg2 dxe5 10. Nxe5 Nxe5 11. Bxe5 f6 12. Bb2 Nf7 13. d4 cxd4 14. Qxd4 {0-1 (32) Onischuk,V (2637)-Svidler,P (2765) Riadh 2017}) 6. g3 {B40: Sicilian: 2...e6, Unusual lines} Nf6 7. e5 Ng4 {[%cal Rg4e5]} 8. Qe2 {The position is equal.} b5 9. Bh3 h5 10. Na3 $146 ({Predecessor:} 10. cxb5 axb5 11. Nc3 Ngxe5 12. Nxb5 Nxf3+ 13. Qxf3 {½-½ (28) Varga,Z (2444)-Budisavljevic,L (2344) Novi Sad 2018}) 10... Bb7 $36 {[%mdl 2048] Threatens to win with ...Nd4! Black has good play.} 11. O-O Nd4 $1 {[%cal Rd4e2]} 12. Nxd4 cxd4 13. Bg2 (13. cxb5 $11 d3 14. Qxd3) 13... Bxg2 14. Kxg2 Bxa3 15. Bxa3 Nxe5 16. Rfe1 Nc6 17. Qe4 b4 18. Bxb4 d5 (18... f5 $1 $17 {[%cal Rf5e4]} 19. Qd5 O-O-O) 19. Qxd5 $1 $11 Rd8 $1 {[%cal Rd8d5]} 20. Qc5 {aiming for Ba3.} Qb7 21. Ba3 {f3 is the strong threat.} Ne5+ $1 22. Kf1 Nd3 23. Qg5 Nxe1 24. Rxe1 Qh1+ 25. Ke2 {[%csl Ga3][%cal Rg5e7]} d3+ (25... Qe4+ $11 26. Kf1 Qh1+ {[%mdl 64] Double Attack} 27. Ke2 Qe4+ 28. Kf1 Qh1+ {[%mdl 64] Double Attack}) 26. Kd1 $1 $14 {[%csl Ga3][%cal Rg5e7]} Qf3+ {[%mdl 64] Double Attack} 27. Kc1 {[%csl Ga3][%cal Rg5e7]} Qf6 28. Qxf6 gxf6 {[%mdl 4096] Endgame KRR-KRB} 29. h4 Rg8 30. Bb2 Ke7 31. Ba3+ Kd7 32. Re3 $1 {[%mdl 1024] White has compensation.} Ke8 33. Kb2 f5 34. f4 (34. Bc5 $14) 34... Rd7 (34... Kd7 $1 $11) 35. Bc5 Kd8 36. Kc3 Kc7 37. b4 Kb7 38. a4 Rc8 39. a5 Kc6 40. Re5 Re8 (40... Kc7 $11 {remains equal.}) 41. Bd4 Rg8 42. Bf2 Re8 $2 (42... Kb7 $16 {keeps fighting.}) 43. Bd4 (43. Rc5+ $18 Kb7 44. b5) 43... Rg8 $16 44. Bf2 (44. Rc5+ $16 Kb7 45. b5) 44... Re8 $1 $18 45. b5+ Kb7 46. Rc5 Rd6 $2 (46... Ra8) 47. Kb4 (47. Bd4 $18 {is the precise move to win.}) 47... f6 48. bxa6+ Rxa6 (48... Kxa6 $142 49. Rc7 Rb8+ 50. Bb6 Rdxb6+ 51. axb6 Kxb6) 49. Bd4 Rg8 50. Bxf6 Rxg3 {[#]} 51. Rb5+ (51. Kb5 $1 $18 {Intending Be5 and mate.} Rg1 52. Be5 Rb1+ 53. Ka4) 51... Ka8 $16 52. Be5 Rg8 53. Rb6 $2 (53. c5 $16) 53... Rxb6+ $11 54. axb6 {And now Kb5 would win.} Kb7 55. Kc5 $2 {[%mdl 8192] [#]} (55. Kb5 $1 $11 {and White has nothing to worry.} Rg1 56. Bc3) 55... Rg2 $2 ({Black should try} 55... Rg1 $1 $19 56. Bc3 Rc1) 56. Kb5 $2 {[%mdl 8192]} (56. Bc3 $11) 56... Rxd2 57. c5 Rc2 58. Kb4 {Accuracy: White = 32%, Black = 49%.} d2 0-1

[Event "WJCC U20 Girls 2019"]
[Site "New Delhi"]
[Date "2019.10.17"]
[Round "3.20"]
[White "Cosme Contreras, Trilce"]
[Black "Potapova, Margarita"]
[Result "0-1"]
[WhiteElo "2027"]
[BlackElo "2377"]
[Annotator "TA"]
[PlyCount "48"]
[EventDate "2019.10.15"]
[EventType "swiss"]
[EventCountry "IND"]
[SourceTitle "playchess.com"]
[Source "ChessBase"]
[SourceQuality "1"]

{[%evp 16,152,-12,-10,-4,-33,-36,-27,-31,-38,-34,-44,-8,-18,-25,-33,-23,-21,-36,-53,-41,-70,-51,-62,-56,-55,-47,-68,-74,-79,-45,-62,-52,-65,-44,-159,-146,-182,-179,-195,-192,-263,-287,-285,-180,-238,-177,-175,-137,-163,-159,-168,-85,-193,-198,-184,-153,-153,-153,-154,-156,-190,-190,-190,-190,-267,-270,-270,-284,-294,-306,-398,-383,-418,-391,-290,-406,-406,-381,-387,-376,-439,-436,-427,-415,-476,-447,-366,-339,-368,-115,-115,-89,-98,-114,-98,-25,-29,-33,-104,-33,-57,0,-96,-47,-33,0,0,0,-26,0,-102,-96,-107,-87,-202,-190,-279,-284,-284,-275,-273,-239,-278,-292,-295,-260,-218,-235,-336,-275,-1010,-550,-1200,-1147,-1037,-1037,-29978,-29979]} 1. d4 Nf6 2. c4 e6 3. Nc3 Bb4 4. e3 O-O 5. Bd3 d5 6. Nge2 c5 7. a3 Bxc3+ 8. bxc3 dxc4 9. Bxc4 Qc7 {E49: Nimzo-Indian: Rubinstein: 5 Bd3 d5 6 a3 Bxc3+ 7 bxc3} (9... b6 10. O-O Qc7 11. Ba2 Rd8 12. Bb2 Ba6 13. Rc1 Nc6 14. c4 cxd4 15. exd4 Ng4 16. Ng3 Qf4 17. h3 {0-1 (38) Rakhmanov,A (2653)-Mamedyarov,S (2799) Riadh 2017}) 10. Bb3 b6 11. O-O Ba6 {Black has an edge.} 12. Re1 Nc6 13. Nf4 $146 ({Predecessor:} 13. Ng3 Na5 14. Bc2 Rac8 15. Bd3 Bxd3 16. Qxd3 Nb3 17. Rb1 Nxc1 18. Rexc1 cxd4 19. exd4 {0-1 (29) Henao,B (2124)-Velez Rueda,J (1865) Medellin 2017}) 13... e5 14. Nd5 Nxd5 15. Bxd5 Rad8 16. Bxc6 Qxc6 17. Bb2 e4 (17... Bc4 {feels hotter.} 18. a4 a5 19. Qf3 e4 20. Qg4 Rd6) 18. Rc1 c4 $40 {[%mdl 128] Black attacks.} 19. f3 exf3 20. Qxf3 Qb5 21. Rc2 f5 22. Rf2 Qd7 23. Qe2 Rde8 24. Qf1 Re4 {Played: Qd7-e6} 0-1

[Event "WJCC U20 Girls 2019"]
[Site "New Delhi"]
[Date "2019.10.17"]
[Round "3.21"]
[White "Vlkova, Anezka"]
[Black "Munkhzul, Turmunkh"]
[Result "1-0"]
[WhiteElo "1972"]
[BlackElo "2332"]
[Annotator "TA"]
[PlyCount "63"]
[EventDate "2019.10.15"]
[EventType "swiss"]
[EventCountry "IND"]
[SourceTitle "playchess.com"]
[Source "ChessBase"]
[SourceQuality "1"]

{[%evp 17,69,-3,7,-5,-3,2,-8,-7,1,-8,46,33,42,33,41,56,77,103,96,60,132,118,103,37,30,38,44,52,883,811,1122,1135,1085,1366,1362,1355,1359,1301,1116,1080,12834,12835,6136,3583,29985,29983,29983,29984,29988,29989,29989,29990,29991,29992]} 1. e4 c5 2. Nc3 Nc6 3. g3 g6 4. Bg2 Bg7 5. d3 d6 6. Nge2 e6 7. O-O Nge7 8. Bg5 h6 9. Be3 Nd4 10. Qd2 {B25: Closed Sicilian: 3 g3, lines without early Be3} h5 (10... Bd7 11. Rab1 Bc6 12. b4 b6 13. f4 Qd7 14. Bf2 Nxe2+ 15. Nxe2 O-O 16. c4 d5 17. cxd5 exd5 {1-0 (53) Pruijssers,R (2506)-Haast,M (2354) Netherlands 2018}) 11. Rab1 Nec6 12. a3 $146 {The position is equal.} ({Predecessor:} 12. h4 Bd7 13. Nd1 e5 14. f4 Bg4 15. Nec3 Qd7 16. Nd5 O-O-O 17. c3 Ne2+ 18. Kh2 f5 {0-1 (33) Barboza,M (2195)-Muniz,R (2190) Uruguay 1997}) 12... h4 13. b4 e5 (13... Qd7 $11) 14. Nd5 $14 b6 15. c3 Nxe2+ 16. Qxe2 Be6 17. f4 $36 {[%mdl 2048] White has strong initiative.} hxg3 18. hxg3 exf4 (18... Bxd5 $14 19. exd5 Ne7) 19. Nxf4 $16 ({Don't do} 19. Bxf4 $6 Rc8 $14) 19... Bd7 20. b5 ({White should play} 20. bxc5 $16 dxc5 21. Qd2) 20... Ne5 $14 21. d4 Ng4 22. e5 g5 $2 {[%mdl 8192]} (22... dxe5 $14 23. dxe5 Nxe5) 23. e6 $18 O-O 24. Qxg4 gxf4 25. exd7 fxe3 26. Bxa8 Qxa8 27. Rf5 {And now Rg5! would win.} f6 28. dxc5 bxc5 29. Rd1 Qb8 30. Qc4+ Rf7 {[#]} 31. Rxc5 $1 {[%mdl 512] White mates.} Bf8 {[#]} (31... dxc5 32. d8=Q+) 32. Qg4+ {Played: Rc5-c8} 1-0

[Event "WJCC U20 Girls 2019"]
[Site "New Delhi"]
[Date "2019.10.17"]
[Round "3.22"]
[White "Onur, Cigdem"]
[Black "Li, Yunshan"]
[Result "1/2-1/2"]
[WhiteElo "1913"]
[BlackElo "2289"]
[Annotator "ChessBase"]
[PlyCount "93"]
[EventDate "2019.10.15"]
[EventType "swiss"]
[EventCountry "IND"]
[SourceTitle "playchess.com"]
[Source "ChessBase"]
[SourceQuality "1"]
[TimeControl "40/5400+30:1800+30"]

1. e4 {[%emt 0:00:37]} c6 {[%emt 0:00:01]} 2. d4 {[%emt 0:00:07]} d5 {[%emt 0:00:05]} 3. exd5 {[%emt 0:00:05]} cxd5 {[%emt 0:00:05]} 4. c4 {[%emt 0:00:06]} Nf6 {[%emt 0:01:07]} 5. Nc3 {[%emt 0:00:12]} Nc6 {[%emt 0:00:41]} 6. Bg5 {[%emt 0:05:17]} e6 {[%emt 0:05:25]} 7. c5 {[%emt 0:05:13]} Be7 {[%emt 0:01:03]} 8. Bb5 {[%emt 0:02:20]} O-O {[%emt 0:07:28]} 9. Nf3 {[%emt 0:03:20]} Ne4 {[%emt 0:06:04]} 10. Nxe4 {[%emt 0:29:33]} dxe4 {[%emt 0:00:34]} 11. Bxc6 {[%emt 0:01:11]} bxc6 {[%emt 0:01:21]} 12. Bxe7 {[%emt 0:00:07]} Qxe7 {[%emt 0:00:09]} 13. Ne5 {[%emt 0:04:06]} Ba6 {[%emt 0:01:13]} 14. Qc2 {[%emt 0:06:51]} Qb7 {[%emt 0:01:56]} 15. O-O-O {[%emt 0:10:47]} f6 {[%emt 0:01:36]} 16. Nc4 {[%emt 0:01:14]} Qb4 {[%emt 0:00:41]} 17. b3 {[%emt 0:19:34]} e5 {[%emt 0:13:49]} 18. Qd2 {[%emt 0:03:49]} Rab8 {[%emt 0:14:44]} 19. Qxb4 {[%emt 0:00:08]} Rxb4 {[%emt 0:00:01]} 20. Kc2 {[%emt 0:02:05]} Bxc4 {[%emt 0:01:30]} 21. Kc3 {[%emt 0:00:09]} Bxb3 {[%emt 0:02:04]} 22. Kxb4 {[%emt 0:00:18]} Bxd1 {[%emt 0:00:05]} 23. Rxd1 {[%emt 0:00:05]} Rd8 {[%emt 0:00:42]} 24. d5 {[%emt 0:00:51]} Kf7 {[%emt 0:22:45]} 25. dxc6 {[%emt 0:00:43]} Ke7 {[%emt 0:00:21]} 26. Rxd8 {[%emt 0:03:31]} Kxd8 {[%emt 0:00:02]} 27. Kc4 {[%emt 0:00:01]} Kc7 {[%emt 0:01:01]} 28. Kd5 {[%emt 0:00:05]} a5 {[%emt 0:00:37]} 29. g4 {[%emt 0:01:15]} a4 {[%emt 0:13:33]} 30. h4 {[%emt 0:00:38]} g6 {[%emt 0:01:48]} 31. h5 {[%emt 0:00:36]} a3 {[%emt 0:02:01]} 32. h6 {[%emt 0:00:07]} f5 {[%emt 0:00:37]} 33. gxf5 {[%emt 0:00:04]} gxf5 {[%emt 0:00:02]} 34. Kxe5 {[%emt 0:00:17]} Kxc6 {[%emt 0:00:12]} 35. Kxf5 {[%emt 0:00:08]} Kxc5 {[%emt 0:00:15]} 36. Kf6 {[%emt 0:00:34]} Kd6 {[%emt 0:00:26]} 37. Kg7 {[%emt 0:01:50]} Ke7 {[%emt 0:00:06]} 38. Kxh7 {[%emt 0:00:25]} Kf7 {[%emt 0:00:04]} 39. Kh8 {[%emt 0:00:05]} Kg6 {[%emt 0:00:56]} 40. Kg8 {[%emt 0:00:45]} Kxh6 {[%emt 0:00:06]} 41. Kf7 {[%emt 0:30:15]} Kg5 {[%emt 0:30:12]} 42. Ke6 {[%emt 0:00:17]} Kf4 {[%emt 0:00:37]} 43. Kd5 {[%emt 0:00:13]} Kf3 {[%emt 0:00:24]} 44. Kd4 {[%emt 0:00:08]} Kxf2 {[%emt 0:00:32]} 45. Kxe4 {[%emt 0:00:06]} Ke2 {[%emt 0:00:03]} 46. Kd4 {[%emt 0:00:23]} Kd2 {[%emt 0:00:06]} 47. Ke4 {[%emt 0:00:32]} 1/2-1/2

[Event "WJCC U20 Girls 2019"]
[Site "New Delhi"]
[Date "2019.10.17"]
[Round "3.23"]
[White "Pandey Srishti"]
[Black "Ulziikhishigjargal, Ochirkhuyag"]
[Result "1/2-1/2"]
[WhiteElo "1963"]
[BlackElo "2194"]
[Annotator "TA"]
[PlyCount "130"]
[EventDate "2019.10.15"]
[EventType "swiss"]
[EventCountry "IND"]
[SourceTitle "playchess.com"]
[Source "ChessBase"]
[SourceQuality "1"]

{[%evp 12,130,0,8,6,0,39,46,31,27,42,22,75,75,120,46,51,0,0,0,0,0,0,0,0,-15,0,-39,-23,-36,-47,-100,-100,-100,-100,-100,-100,-100,-31,-43,-41,-60,-47,-86,-86,-95,-89,-80,-21,-21,-19,-19,0,0,0,0,0,0,0,0,0,0,0,-6,0,0,-1,-13,-10,-12,0,0,0,0,0,0,21,11,13,0,0,0,8,10,93,81,97,96,118,107,281,271,245,212,216,0,0,0,0,0,0,0,0,0,0,0,0,0,0,0,0,0,0,0,0,0,0,0,0,0,0]} 1. e4 e5 2. Nc3 Nf6 3. Bc4 Bc5 4. d3 Nc6 5. f4 exf4 6. Bxf4 d6 7. Nf3 Nd4 {C28: Vienna Game: 2...Nf6 3 Bc4 Nc6} (7... O-O 8. Bg5 h6 9. Bh4 Be6 10. Bb3 Nd4 11. Rf1 Nxf3+ 12. Qxf3 Bd4 13. Ne2 Bxb2 14. Rb1 Ba3 15. Nf4 {1-0 (69) Kasparov,G (2812)-Caruana,F (2795) Saint Louis 2016}) 8. Qd2 Bg4 9. Nxd4 Bxd4 {White is slightly better.} 10. h3 Bd7 $146 ({Predecessor:} 10... Be6 11. Bxe6 fxe6 12. O-O-O O-O 13. Be3 c5 14. Ne2 Qb6 15. c3 {0-1 (33) Bratu,G (1876)-Neagu,L (2122) Sarata Monteoru 2012}) 11. O-O-O Qe7 (11... O-O $11 {remains equal.}) 12. Bg5 Bxc3 13. bxc3 (13. Qxc3 $16 Nxe4 14. Bxe7 Nxc3 15. Rde1) 13... Be6 14. Bxf6 (14. Bd5 $14) 14... Qxf6 $11 15. Rhf1 Qe7 16. Bxe6 Qxe6 17. c4 O-O 18. Rf5 g6 19. Rb5 b6 20. Qg5 a6 21. Rb2 (21. Rd5 $15) 21... f5 $17 22. exf5 Rxf5 23. Qd2 Raf8 24. c3 d5 (24... Re5 $17) 25. cxd5 $15 Qxd5 26. Qc2 Kg7 27. Qb3 Qe5 28. Rbd2 Rf2 29. Kc2 Qg5 (29... b5 $17) 30. Qc4 $11 Qg3 31. Qe4 Qd6 32. Rxf2 Rxf2+ {[%mdl 4096] Endgame KQR-KQR} 33. Rd2 Rf4 34. Qe8 Rf8 35. Qe4 Rf4 36. Qe8 Qd5 37. Qe7+ Rf7 38. Qa3 a5 39. c4 Qe6 40. Qc3+ Kg8 41. Qd4 b5 (41... Qe8 {feels hotter.} 42. Qe4 Qa4+ 43. Kb2 Qb4+ 44. Kc2 Qc5) 42. Qe4 Qxe4 43. dxe4 bxc4 {KR-KR} 44. Kc3 Rf4 45. Re2 Kf7 46. Kxc4 Ke6 47. Kb5 Rf1 (47... Rf8 $1 $11) 48. a4 $16 Rb1+ 49. Kxa5 Ke5 {and if ...c5 works, Black does fine.} 50. Rc2 Kxe4 $2 {[#]} (50... Kd6 $16) 51. Rxc7 $18 h5 52. Rc5 Kf4 53. h4 $2 (53. Rb5 $18 Re1 54. Ka6) 53... Kg3 $11 {The position is equal.} 54. Rb5 Ra1 55. Rb4 Kxg2 56. Kb6 Rf1 57. a5 {[%cal Ba4a5,Ba5a6][%mdl 32] a6 is the strong threat.} Rf6+ 58. Kb7 {Hoping for a6.} Rf7+ 59. Kc8 g5 60. hxg5 {[#] Strongly threatening a6.} Rf5 61. a6 {Black must now prevent a7.} Rxg5 62. a7 Ra5 63. Kb7 {Threatens to win with Rh4.} Kg3 64. Rb3+ Kg2 65. Rb6 Rxa7+ $1 {Accuracy: White = 60%, Black = 59%.} 1/2-1/2

[Event "WJCC U20 Girls 2019"]
[Site "New Delhi"]
[Date "2019.10.17"]
[Round "3.24"]
[White "Lakshmi C"]
[Black "Pychova, Nela"]
[Result "1/2-1/2"]
[WhiteElo "1859"]
[BlackElo "2178"]
[Annotator "ChessBase"]
[PlyCount "75"]
[EventDate "2019.10.15"]
[EventType "swiss"]
[EventCountry "IND"]
[SourceTitle "playchess.com"]
[Source "ChessBase"]
[SourceQuality "1"]
[TimeControl "40/5400+30:1800+30"]

1. e4 {[%emt 0:00:00]} c5 {[%emt 0:00:09]} 2. Nf3 {[%emt 0:00:08]} d6 {[%emt 0:01:25]} 3. d4 {[%emt 0:00:10]} cxd4 {[%emt 0:00:11]} 4. Nxd4 {[%emt 0:00:06]} Nf6 {[%emt 0:00:12]} 5. Nc3 {[%emt 0:02:03]} a6 {[%emt 0:08:27]} 6. a4 {[%emt 0:00:30]} Qc7 {[%emt 0:00:30]} 7. Be2 {[%emt 0:00:30]} b6 {[%emt 0:00:30]} 8. O-O {[%emt 0:00:30]} Bb7 {[%emt 0:00:30]} 9. Bf3 Nbd7 {[%emt 0:18:17]} 10. Nd5 {[%emt 0:30:38]} Nxd5 {[%emt 0:07:39]} 11. exd5 {[%emt 0:00:51]} Nf6 {[%emt 0:00:28]} 12. Nf5 {[%emt 0:00:53]} h6 {[%emt 0:09:34]} 13. Ra3 {[%emt 0:08:28]} g6 {[%emt 0:01:29]} 14. Ne3 {[%emt 0:00:33]} Bg7 {[%emt 0:00:57]} 15. c4 {[%emt 0:02:21]} O-O {[%emt 0:02:09]} 16. Be2 {[%emt 0:03:10]} Bc8 {[%emt 0:03:24]} 17. f4 {[%emt 0:04:15]} Qc5 {[%emt 0:03:47]} 18. Qe1 {[%emt 0:04:26]} a5 {[%emt 0:03:51]} 19. Kh1 {[%emt 0:01:05]} Ne4 {[%emt 0:03:31]} 20. Bd3 {[%emt 0:16:01]} f5 {[%emt 0:03:27]} 21. Nc2 {[%emt 0:08:28]} Ba6 {[%emt 0:03:15]} 22. b3 {[%emt 0:01:30]} Nf6 {[%emt 0:08:16]} 23. Be3 {[%emt 0:04:30]} Qc7 {[%emt 0:00:24]} 24. Nd4 {[%emt 0:00:49]} Bc8 {[%emt 0:00:13]} 25. h3 {[%emt 0:05:58]} Bd7 {[%emt 0:01:56]} 26. Ra2 {[%emt 0:02:32]} Rae8 {[%emt 0:01:44]} 27. Bg1 {[%emt 0:00:35]} e5 {[%emt 0:09:11]} 28. dxe6 {[%emt 0:00:29]} Bc8 {[%emt 0:00:30]} 29. Re2 {[%emt 0:01:02]} Re7 {[%emt 0:01:03]} 30. g4 {[%emt 0:01:51]} Bb7+ {[%emt 0:01:26]} 31. Kh2 {[%emt 0:00:02]} Be4 {[%emt 0:04:10]} 32. Bxe4 fxe4 {[%emt 0:01:10]} 33. f5 {[%emt 0:01:14]} gxf5 {[%emt 0:01:56]} 34. Rxf5 {[%emt 0:00:10]} d5+ {[%emt 0:00:36]} 35. Kh1 {[%emt 0:00:52]} dxc4 {[%emt 0:00:24]} 36. Rc2 {[%emt 0:00:09]} Qb7 {[%emt 0:00:31]} 37. Rxc4 {[%emt 0:00:17]} e3+ {[%emt 0:00:14]} 38. Kh2 {[%emt 0:01:04]} 1/2-1/2

[Event "WJCC U20 Girls 2019"]
[Site "New Delhi"]
[Date "2019.10.17"]
[Round "3.25"]
[White "Aouachria, Marwa"]
[Black "Chitlange Sakshi"]
[Result "1/2-1/2"]
[WhiteElo "1839"]
[BlackElo "2175"]
[Annotator "TA"]
[PlyCount "151"]
[EventDate "2019.10.15"]
[EventType "swiss"]
[EventCountry "IND"]
[SourceTitle "playchess.com"]
[Source "ChessBase"]
[SourceQuality "1"]

{[%evp 9,151,63,70,43,53,37,28,33,38,31,43,40,34,17,30,18,21,11,20,32,45,38,55,41,12,-4,-8,-8,-4,-13,-6,-18,-15,-11,-11,-18,-5,-10,-2,-14,-2,-14,-14,-46,66,-18,152,4,111,111,177,165,166,104,85,0,0,0,17,0,69,71,75,0,0,0,0,-6,-6,-6,-6,-6,-6,-6,0,-8,-8,-17,-11,-17,-12,-16,0,0,0,0,0,0,0,0,0,0,0,0,0,0,0,0,0,0,0,0,0,0,0,0,0,0,0,0,0,0,0,0,0,0,0,0,0,0,0,0,0,0,0,0,0,-29983,0,0,0,0,0,0,0,0,0,0,0,0,0,0,0,-8]} 1. e4 d5 2. exd5 Qxd5 3. Nc3 Qd6 4. d4 Nf6 5. Nf3 c6 6. h3 {B01: Scandinavian Defence} Bf5 (6... g6 7. Bc4 Be6 8. Bb3 Bxb3 9. axb3 Qe6+ 10. Ne5 Nbd7 11. O-O Nxe5 12. dxe5 Qxe5 13. Re1 Qf5 {1-0 (24) Dominguez Perez,L (2752)-Andreikin,D (2759) Hengshui 2019}) 7. Bd3 Bxd3 8. Qxd3 {White has an edge.} e6 9. Ne5 Be7 10. Bf4 Qd8 11. Rd1 $146 ({Predecessor:} 11. O-O-O O-O 12. g4 Na6 {1-0 (40) Wahlbom,M (2173)-Sirotkina,N (2188) Bled 2018}) 11... Nbd7 12. Qf3 O-O 13. O-O Nd5 14. Nxd5 cxd5 15. c4 f6 16. Nxd7 Qxd7 17. cxd5 (17. c5 {with more complications.} b6 18. c6 Qxc6 19. Rc1 Qb5 20. Rfe1) 17... Qxd5 18. Qxd5 exd5 19. Rc1 Rac8 20. Rfd1 g5 21. Bc7 Kf7 22. Rc2 Ke6 23. Rdc1 Kd7 24. Kf1 Rfe8 25. g4 {[#]} h5 $1 {[%mdl 512]} 26. Kg2 (26. gxh5 Rh8) 26... f5 ({Black should play} 26... hxg4 $15 27. hxg4 Bb4) 27. gxf5 (27. gxh5 $14 Bd6 28. Bxd6 Rxc2 29. Rxc2 Kxd6 30. Rc3) 27... Bf6 $2 (27... Rf8 $11) 28. Bh2 (28. Rc5 $16) 28... Rc6 (28... Bxd4 $11 29. Rc7+ Rxc7 30. Rxc7+ Kd8) 29. Rc5 $16 Re4 (29... Ke7 $16 {was called for.}) 30. Rxd5+ $18 Ke7 {[#]} 31. Rxc6 (31. Bd6+ $1 $18 Rxd6 32. Rc7+ {[%mdl 64] Double Attack} Kd8 33. Rxd6+ Kxc7 34. Rxf6) 31... bxc6 {[%mdl 4096] Endgame KRB-KRB} 32. Ra5 (32. Rd6 $16) 32... Bxd4 $11 33. Kf3 Re1 34. Ra4 Rd1 ({Better is} 34... Bxb2 $11 35. Rxa7+ Kf6) 35. Ke2 $14 Rh1 36. Bg3 (36. Bf4 $1 $16 {[%cal Rf4g5]} gxf4 37. Rxd4) 36... Bb6 37. h4 Kf6 38. Re4 gxh4 39. Rxh4 Rxh4 40. Bxh4+ Kxf5 $11 {KB-KB} 41. Kf3 Ke5 42. Bg3+ Kd4 43. Bh4 Bc7 44. Bg5 a6 45. Bd2 Be5 (45... a5 {feels hotter.} 46. Bf4 Bd8 47. Bd6 Kd5 48. Bf4 a4) 46. Bc3+ Kd5 47. Bxe5 Kxe5 {K3P-K3P} 48. b4 Kf5 49. a3 {[%cal Ba2a3,Ba3a4,Ba4a5][%mdl 32]} h4 50. a4 Kg5 51. Kg2 {Black must now prevent Kh3.} Kg4 (51... Kf4 $5) 52. a5 $1 Kh5 (52... Kf5 $5 {[%cal Rf5g4]} 53. Kh3 Kg5 $11) 53. Kh3 Kg5 54. Kh2 Kf4 {And now ...Kf3 would win.} (54... Kg4 $5 55. Kg2 $8 Kf5 $11) 55. Kh3 Kg5 56. Kh2 Kg4 (56... Kf4 $5 57. Kh3 $8 Kf3 58. Kxh4 Kxf2 $11) 57. Kg2 $1 h3+ (57... Kf4 $5 58. Kh3 $8 Kf3 59. Kxh4 Kxf2 $11) 58. Kh2 Kf3 59. Kxh3 Kxf2 {KPP-KPP} 60. Kg4 {Kf4 would kill now.} Ke3 61. Kf5 {White wants to mate with Ke6.} Kd4 62. Ke6 $1 {[%cal Re6d6] Strongly threatening Kd6.} Kc4 63. Kd6 $1 {[%cal Rd6c6]} Kb5 64. Kc7 c5 65. bxc5 Kxc5 {KP-KP} 66. Kd7 Kb5 67. Kd6 Kxa5 {KP-K} 68. Kc5 Ka4 69. Kc4 {The position is equal.} a5 {[%cal Ba6a5,Ba5a4,Ba4a3,Ba3a2][%mdl 32]} 70. Kc3 Ka3 71. Kc2 Ka2 72. Kc1 a4 (72... Ka1 $5) 73. Kc2 a3 74. Kc1 Kb3 {( -> ...a2)} (74... Ka1 $5) 75. Kb1 a2+ 76. Ka1 {Accuracy: White = 52%, Black = 60%.} 1/2-1/2

[Event "WJCC U20 Girls 2019"]
[Site "New Delhi"]
[Date "2019.10.17"]
[Round "3.26"]
[White "Nilssen, Ellen Fredericia"]
[Black "Meghna, C H"]
[Result "1/2-1/2"]
[WhiteElo "2137"]
[BlackElo "1956"]
[Annotator "ChessBase"]
[PlyCount "52"]
[EventDate "2019.10.15"]
[EventType "swiss"]
[EventCountry "IND"]
[SourceTitle "playchess.com"]
[Source "ChessBase"]
[SourceQuality "1"]
[TimeControl "40/5400+30:1800+30"]

1. e4 {[%emt 0:00:00]} e6 {[%emt 0:00:00]} 2. d4 {[%emt 0:00:00]} d5 {[%emt 0:00:00]} 3. exd5 {[%emt 0:00:00]} exd5 {[%emt 0:00:00]} 4. c4 {[%emt 0:00:01]} Nf6 {[%emt 0:05:17]} 5. Nc3 {[%emt 0:00:09]} Be7 {[%emt 0:09:46]} 6. Bd3 {[%emt 0:00:49]} dxc4 {[%emt 0:02:00]} 7. Bxc4 {[%emt 0:00:43]} O-O {[%emt 0:00:23]} 8. Nge2 {[%emt 0:00:09]} Nbd7 {[%emt 0:02:18]} 9. O-O {[%emt 0:00:37]} Nb6 {[%emt 0:00:22]} 10. Bb3 {[%emt 0:00:30]} c6 {[%emt 0:00:58]} 11. Qd3 {[%emt 0:11:07]} Nbd5 {[%emt 0:08:53]} 12. a3 {[%emt 0:00:13]} Be6 {[%emt 0:19:10]} 13. Bc2 {[%emt 0:01:13]} g6 {[%emt 0:03:57]} 14. Ng3 {[%emt 0:08:29]} Qc7 {[%emt 0:13:41]} 15. Bg5 {[%emt 0:12:15]} Rad8 {[%emt 0:05:29]} 16. Rfe1 {[%emt 0:04:16]} Rfe8 {[%emt 0:04:13]} 17. Rad1 {[%emt 0:05:52]} Rd7 {[%emt 0:06:40]} 18. Nge4 {[%emt 0:10:12]} Nxe4 {[%emt 0:08:45]} 19. Nxe4 {[%emt 0:01:44]} Bxg5 {[%emt 0:00:40]} 20. Nxg5 {[%emt 0:00:17]} Rde7 {[%emt 0:00:01]} 21. Ne4 {[%emt 0:11:33]} Bf5 {[%emt 0:01:50]} 22. f3 {[%emt 0:00:09]} Qf4 {[%emt 0:02:04]} 23. Qd2 {[%emt 0:05:03]} Qh4 {[%emt 0:02:59]} 24. Qf2 {[%emt 0:07:30]} Qf4 {[%emt 0:00:20]} 25. Qd2 {[%emt 0:00:34]} Qh4 {[%emt 0:00:01]} 26. Qf2 {[%emt 0:00:17]} Qf4 {[%emt 0:00:01]} 1/2-1/2